[Event "Gibraltar Masters 18th"]
[Site "Caleta"]
[Date "2020.01.28"]
[Round "8"]
[White "Gagare, Shalmali"]
[Black "Piasetski, Leon David"]
[Result "0-1"]
[WhiteElo "2099"]
[BlackElo "2219"]
[PlyCount "82"]
[EventDate "2020.01.21"]
[EventType "swiss"]
[EventRounds "10"]
[EventCountry "GGB"]
[SourceTitle "CBM 194 Extra"]
[Source "ChessBase"]
[SourceDate "2020.03.31"]
[SourceVersion "1"]
[SourceVersionDate "2020.03.31"]
[SourceQuality "1"]

1. e4 c5 2. Nf3 e6 3. g3 Nc6 4. Bg2 Nge7 5. 0-0 Ng6 6. d4 cxd4 7. Nxd4 Be7 8. Nc3 0-0 9. Nb3 d6 10. Be3 Bd7 11. f4 a6 12. Na4 b5 13. Nb6 Rb8 14. Nxd7 Qxd7 15. e5 d5 16. Nd4 Nxd4 17. Bxd4 Qc7 18. c3 Bc5 19. Rc1 Ne7 20. g4 Rfc8 21. Qd2 Bb6 22. Bxb6 Rxb6 23. Rce1 Qc5+ 24. Kh1 b4 25. Re3 bxc3 26. bxc3 Rcb8 27. Rh3 h6 28. f5 Rb1 29. Rhf3 Qc4 30. f6 Ng6 31. fxg7 Rxf1+ 32. Rxf1 Qxg4 33. Qxh6 Rb2 34. Rg1 Qf4 35. Qh5 Kxg7 36. Bf1 Kf8 37. Bg2 Qh4 38. Qf3 Nxe5 39. Qe3 Ng4 40. Qc5+ Kg8 41. h3 Qxh3+ 0-1

[Event "Rilton Cup 49th"]
[Site "Stockholm"]
[Date "2020.01.02"]
[Round "6"]
[White "Foisor, Sabina Francesca"]
[Black "Gagare, Shalmali"]
[Result "1/2-1/2"]
[WhiteElo "2274"]
[BlackElo "2100"]
[PlyCount "64"]
[EventDate "2019.12.27"]
[EventType "swiss"]
[EventRounds "9"]
[EventCountry "SWE"]
[SourceTitle "CBM 194 Extra"]
[Source "ChessBase"]
[SourceDate "2020.03.31"]
[SourceVersion "1"]
[SourceVersionDate "2020.03.31"]
[SourceQuality "1"]

1. d4 Nf6 2. Nf3 d5 3. c4 e6 4. Bg5 dxc4 5. Nc3 a6 6. a4 Nc6 7. e3 Na5 8. Ne5 Bb4 9. Be2 c5 10. dxc5 Qc7 11. Bxf6 gxf6 12. Nxc4 Qxc5 13. Nd2 Bxc3 14. bxc3 f5 15. 0-0 Bd7 16. Nf3 Ke7 17. Qd4 Qxd4 18. cxd4 f6 19. Rfb1 Bc6 20. Nd2 Rhd8 21. Bf3 Bxf3 22. Nxf3 Rac8 23. Kf1 Rc2 24. Ne1 Rc3 25. Rc1 Rdc8 26. Rxc3 Rxc3 27. Ke2 Kd6 28. Kd2 Rc4 29. Kd3 Rb4 30. Ra3 e5 31. Nc2 e4+ 32. Kc3 Rc4+ 1/2-1/2

[Event "Rilton Cup 49th"]
[Site "Stockholm"]
[Date "2019.12.28"]
[Round "2"]
[White "Hauge, Lars Oskar"]
[Black "Gagare, Shalmali"]
[Result "1/2-1/2"]
[WhiteElo "2504"]
[BlackElo "2100"]
[PlyCount "115"]
[EventDate "2019.12.27"]
[EventType "swiss"]
[EventRounds "9"]
[EventCountry "SWE"]
[SourceTitle "CBM 194 Extra"]
[Source "ChessBase"]
[SourceDate "2020.03.31"]
[SourceVersion "1"]
[SourceVersionDate "2020.03.31"]
[SourceQuality "1"]

1. f4 d5 2. Nf3 g6 3. g3 Bg7 4. Bg2 Nf6 5. 0-0 0-0 6. d3 b6 7. e4 dxe4 8. dxe4 Nxe4 9. Ng5 f5 10. Nxe4 fxe4 11. Bxe4 c6 12. Qe2 Ba6 13. Bd3 Bxd3 14. cxd3 e5 15. Nc3 Nd7 16. Ne4 Qe7 17. Qc2 Qe6 18. Be3 Nf6 19. Rae1 Ng4 20. Bc1 exf4 21. Bxf4 Qd5 22. h3 Ne5 23. Rd1 c5 24. b3 Rae8 25. Bxe5 Bxe5 26. Qc4 Qxc4 27. bxc4 Rxf1+ 28. Rxf1 Rd8 29. Rd1 Kf7 30. Kf2 h6 31. Ke2 Ke7 32. Rb1 Rf8 33. a4 Kd7 34. Rb3 Kc6 35. Ra3 a6 36. Rb3 Rb8 37. g4 b5 38. axb5+ axb5 39. cxb5+ Rxb5 40. Rxb5 Kxb5 41. Nd2 Kc6 42. Nf3 Bf6 43. Nd2 Kd5 44. Ne4 Be5 45. Ke3 c4 46. dxc4+ Kxc4 47. Nd2+ Kd5 48. Nf3 Bf6 49. Kf4 Ke6 50. Ke4 Kd6 51. Ne1 h5 52. gxh5 gxh5 53. Kf5 Bd8 54. Nd3 h4 55. Ne5 Ke7 56. Kg6 Kf8 57. Nc6 Bb6 58. Nd4 1/2-1/2

[Event "Elgoibar 29th"]
[Site "Elgoibar"]
[Date "2019.12.16"]
[Round "6"]
[White "Del Rey, Diego"]
[Black "Gagare, Shalmali"]
[Result "1-0"]
[WhiteElo "2374"]
[BlackElo "2100"]
[PlyCount "131"]
[EventDate "2019.12.12"]
[EventType "tourn"]
[EventRounds "9"]
[EventCountry "ESP"]
[EventCategory "8"]
[SourceTitle "CBM 193 Extra"]
[Source "ChessBase"]
[SourceDate "2020.01.31"]
[SourceVersion "1"]
[SourceVersionDate "2020.01.31"]
[SourceQuality "1"]

1. Nf3 d5 2. g3 Nf6 3. Bg2 Bf5 4. 0-0 e6 5. d3 Be7 6. Nh4 Bg4 7. h3 Bh5 8. f4 Bg6 9. Qe1 Nfd7 10. Nf3 f6 11. e4 dxe4 12. dxe4 e5 13. Nc3 0-0 14. Be3 c6 15. Rd1 Qc7 16. Kh1 Na6 17. Nh4 Bf7 18. Nf5 Bc5 19. Qe2 Rfd8 20. Qg4 Bg6 21. Bc1 Bf8 22. h4 exf4 23. gxf4 Ndc5 24. h5 Bxf5 25. Qxf5 Rxd1 26. Rxd1 Rd8 27. Re1 Qd7 28. Qxd7 Rxd7 29. a3 Nc7 30. Be3 a6 31. Bh3 N5e6 32. e5 fxe5 33. fxe5 Rd8 34. Bb6 Re8 35. Ne4 Nd5 36. Nd6 Re7 37. Bf2 Ndf4 38. Bg4 Rc7 39. Bg3 g5 40. Ne8 Re7 41. Nf6+ Kg7 42. Rd1 Nc7 43. Nd7 Ncd5 44. h6+ Kf7 45. Nxf8 Kxf8 46. Re1 Nc7 47. Bf5 Nce6 48. Rd1 Rf7 49. Bg4 Ke7 50. Rd6 Nf8 51. Bc8 Ke8 52. Be1 Rc7 53. Bg4 Re7 54. Bc3 N4e6 55. Bh5+ Rf7 56. Ba5 Ke7 57. Bxf7 Kxf7 58. Bd8 Ke8 59. Bf6 Kf7 60. a4 g4 61. Kh2 Nc5 62. Rd4 Kg6 63. Rxg4+ Kxh6 64. Bg7+ Kh5 65. Bxf8 Kxg4 66. Bxc5 1-0

[Event "Elgoibar 29th"]
[Site "Elgoibar"]
[Date "2019.12.12"]
[Round "1"]
[White "Gagare, Shalmali"]
[Black "Sosa, Tomas Sebastian"]
[Result "0-1"]
[WhiteElo "2100"]
[BlackElo "2520"]
[PlyCount "60"]
[EventDate "2019.12.12"]
[EventType "tourn"]
[EventRounds "9"]
[EventCountry "ESP"]
[EventCategory "8"]
[SourceTitle "CBM 193 Extra"]
[Source "ChessBase"]
[SourceDate "2020.01.31"]
[SourceVersion "1"]
[SourceVersionDate "2020.01.31"]
[SourceQuality "1"]

1. e4 c5 2. Nf3 Nc6 3. Bb5 g6 4. Bxc6 bxc6 5. 0-0 Bg7 6. Re1 Qc7 7. h3 e5 8. c3 d6 9. d4 cxd4 10. cxd4 exd4 11. Nxd4 Ne7 12. Nc3 0-0 13. Be3 Rd8 14. Rc1 Qb7 15. Qb3 Qa6 16. Qa4 Qxa4 17. Nxa4 c5 18. Ne2 Bb7 19. f3 f5 20. Bg5 Re8 21. Ng3 Be5 22. exf5 Bxg3 23. Rxe7 Rxe7 24. Bxe7 gxf5 25. f4 Re8 26. Bxd6 Re2 27. Nxc5 Bxg2 28. Nd3 Be4 29. Rd1 Rh2 30. Kf1 Bf3 0-1

[Event "Pardubice Czech op-A 30th"]
[Site "Pardubice"]
[Date "2019.07.27"]
[Round "9"]
[White "Bronstein, Or"]
[Black "Gagare, Shalmali"]
[Result "1/2-1/2"]
[WhiteElo "2378"]
[BlackElo "2058"]
[PlyCount "75"]
[EventDate "2019.07.19"]
[EventType "swiss"]
[EventRounds "9"]
[EventCountry "CZE"]
[SourceTitle "CBM 191"]
[Source "ChessBase"]
[SourceDate "2019.08.31"]
[SourceVersion "1"]
[SourceVersionDate "2019.08.31"]
[SourceQuality "1"]

1. d4 Nf6 2. c4 e6 3. g3 d5 4. Bg2 Bb4+ 5. Bd2 Be7 6. Nf3 0-0 7. 0-0 c6 8. Qc2 Nbd7 9. Bf4 b6 10. Rd1 Ba6 11. b3 Rc8 12. Nc3 h6 13. e4 dxc4 14. Nd2 b5 15. bxc4 bxc4 16. h3 Qa5 17. Rab1 Bb4 18. Ne2 Nb6 19. Kh1 Bb5 20. Rg1 c5 21. d5 exd5 22. exd5 Nfxd5 23. Ne4 c3 24. Nd6 Ba4 25. Qf5 Nxf4 26. gxf4 c4 27. Rxb4 Rc5 28. Qg4 Qxb4 29. Bd5 g5 30. fxg5 h5 31. Bxf7+ Rxf7 32. Qe6 Bc6+ 33. Kh2 Bd5 34. Qe8+ Kg7 35. Qe5+ Kg8 36. Qe8+ Kg7 37. Qe5+ Kg8 38. Qe8+ 1/2-1/2

[Event "Pardubice op rapid 30th"]
[Site "Pardubice"]
[Date "2019.07.17"]
[Round "3"]
[White "Gagare, Shalmali"]
[Black "Grabinsky, Vladimir"]
[Result "1/2-1/2"]
[WhiteElo "2058"]
[BlackElo "2226"]
[PlyCount "58"]
[EventDate "2019.07.17"]
[EventType "swiss (rapid)"]
[EventRounds "9"]
[EventCountry "CZE"]
[SourceTitle "CBM 191 Extra"]
[Source "ChessBase"]
[SourceDate "2019.09.30"]
[SourceVersion "1"]
[SourceVersionDate "2019.09.30"]
[SourceQuality "1"]

1. e4 c5 2. Nf3 e6 3. d4 cxd4 4. Nxd4 a6 5. c4 Nf6 6. Nc3 Bb4 7. Qd3 Nc6 8. Be2 Qc7 9. Bd2 0-0 10. Nc2 Ne5 11. Qg3 Bd6 12. f4 Nxc4 13. e5 Nxe5 14. fxe5 Bxe5 15. Qh4 d5 16. Nd4 Qb6 17. Nf3 Bd6 18. Na4 Qa7 19. Qd4 Qxd4 20. Nxd4 e5 21. Nb6 Rb8 22. Nxc8 Rfxc8 23. Nf5 Bc5 24. Rc1 Ne4 25. Rf1 Rc6 26. Bd3 Nxd2 27. Kxd2 e4 28. Bb1 Rbc8 29. Rxc5 Rxc5 1/2-1/2

[Event "Warsaw Najdorf Memorial op-A 17th"]
[Site "Warsaw"]
[Date "2019.07.11"]
[Round "6"]
[White "Suliborski, Jakub"]
[Black "Gagare, Shalmali"]
[Result "1/2-1/2"]
[WhiteElo "2131"]
[BlackElo "2058"]
[PlyCount "27"]
[EventDate "2019.07.06"]
[EventType "swiss"]
[EventRounds "9"]
[EventCountry "POL"]
[SourceTitle "CBM 191 Extra"]
[Source "ChessBase"]
[SourceDate "2019.09.30"]
[SourceVersion "1"]
[SourceVersionDate "2019.09.30"]
[SourceQuality "1"]

1. c4 e5 2. Nc3 Bb4 3. g3 Bxc3 4. dxc3 d6 5. Bg2 Nc6 6. e4 Nge7 7. Ne2 0-0 8. 0-0 f5 9. exf5 Bxf5 10. b4 Qd7 11. Be3 Bh3 12. Qd3 Bxg2 13. Kxg2 Qf5 14. Qxf5 1/2-1/2

[Event "Warsaw Najdorf Memorial op-A 17th"]
[Site "Warsaw"]
[Date "2019.07.10"]
[Round "5"]
[White "Gagare, Shalmali"]
[Black "Lukasiewicz, Krzysztof"]
[Result "1/2-1/2"]
[WhiteElo "2058"]
[BlackElo "2172"]
[PlyCount "100"]
[EventDate "2019.07.06"]
[EventType "swiss"]
[EventRounds "9"]
[EventCountry "POL"]
[SourceTitle "CBM 191 Extra"]
[Source "ChessBase"]
[SourceDate "2019.09.30"]
[SourceVersion "1"]
[SourceVersionDate "2019.09.30"]
[SourceQuality "1"]

1. e4 c5 2. Nf3 d6 3. Bb5+ Nd7 4. 0-0 a6 5. Bxd7+ Bxd7 6. d4 cxd4 7. Qxd4 e5 8. Qd3 Rc8 9. c4 b5 10. Na3 Qb6 11. Be3 Qb7 12. cxb5 axb5 13. Rfc1 Rxc1+ 14. Rxc1 Nf6 15. Nd2 h6 16. Qc2 Be7 17. Qc7 Qa8 18. Qb6 0-0 19. Nxb5 Rb8 20. Nc7 Rxb6 21. Nxa8 Rxb2 22. Nb6 Be6 23. a4 Ra2 24. f3 d5 25. exd5 Nxd5 26. Nxd5 Bxd5 27. Nc4 f6 28. Nb6 Bb3 29. Rc8+ Kh7 30. Bc5 Bxc5+ 31. Rxc5 Bxa4 32. Nxa4 Rxa4 33. Kf2 h5 34. Kg3 Kg6 35. h4 Kf5 36. Rc7 g6 37. Rc5 Rd4 38. Ra5 Ke6 39. Ra6+ Rd6 40. Ra5 f5 41. Rb5 Kf6 42. Ra5 Re6 43. Kf2 Ke7 44. Rb5 Kd6 45. Ra5 Kc6 46. Ke3 Kd7 47. Kf2 Kd6 48. Rb5 Kc6 49. Ra5 e4 50. fxe4 fxe4 1/2-1/2

[Event "Warsaw Najdorf Memorial op-A 17th"]
[Site "Warsaw"]
[Date "2019.07.09"]
[Round "4"]
[White "Lisowski, Krzysztof"]
[Black "Gagare, Shalmali"]
[Result "1-0"]
[WhiteElo "2187"]
[BlackElo "2058"]
[PlyCount "83"]
[EventDate "2019.07.06"]
[EventType "swiss"]
[EventRounds "9"]
[EventCountry "POL"]
[SourceTitle "CBM 191 Extra"]
[Source "ChessBase"]
[SourceDate "2019.09.30"]
[SourceVersion "1"]
[SourceVersionDate "2019.09.30"]
[SourceQuality "1"]

1. e4 e5 2. Nf3 Nc6 3. d4 exd4 4. Nxd4 Bc5 5. Nxc6 Qf6 6. Qf3 bxc6 7. Nd2 Qxf3 8. gxf3 Ne7 9. Nb3 Bb6 10. a4 a5 11. Rg1 0-0 12. Be3 Bxe3 13. fxe3 d6 14. Nd4 Bd7 15. 0-0-0 Rad8 16. Rg5 c5 17. Nb5 Bxb5 18. Bxb5 f5 19. exf5 Nxf5 20. Rd3 Kh8 21. f4 g6 22. Bc6 Rf7 23. Be4 Re8 24. Bxf5 Rxf5 25. h4 Re4 26. b3 Kg7 27. Kd2 h6 28. Rxf5 gxf5 29. Ke2 Re6 30. h5 Kf6 31. Rd1 Re7 32. Rg1 Rg7 33. Rxg7 Kxg7 34. c3 Kf6 35. b4 cxb4 36. cxb4 Ke6 37. bxa5 Kd7 38. a6 Kc8 39. e4 fxe4 40. f5 c5 41. f6 c4 42. f7 1-0

[Event "Riga RTU rapid op"]
[Site "Riga"]
[Date "2019.07.04"]
[Round "4"]
[White "Gagare, Shalmali"]
[Black "Kopylov, Michael"]
[Result "0-1"]
[WhiteElo "1984"]
[BlackElo "2414"]
[PlyCount "70"]
[EventDate "2019.07.04"]
[EventType "swiss (rapid)"]
[EventRounds "9"]
[EventCountry "LAT"]
[SourceTitle "EXT 2020"]
[Source "ChessBase"]
[SourceDate "2019.10.17"]
[SourceVersion "1"]
[SourceVersionDate "2019.10.17"]
[SourceQuality "1"]

1. c4 f5 2. g3 Nf6 3. Bg2 g6 4. Nc3 Bg7 5. Nf3 0-0 6. 0-0 d6 7. d3 Nc6 8. Rb1 a5 9. a3 e5 10. b4 axb4 11. axb4 h6 12. b5 Ne7 13. Bb2 g5 14. Qb3 Be6 15. Nd2 f4 16. Bxb7 Rb8 17. Bg2 fxg3 18. hxg3 Qe8 19. Nde4 Ng4 20. f3 Ne3 21. Rf2 N7f5 22. Nd1 g4 23. Nxe3 Nxe3 24. Bh1 Qg6 25. Bc1 Nf5 26. e3 Nxg3 27. Nxg3 gxf3 28. Rxf3 Rxf3 29. Bxf3 Qxg3+ 30. Bg2 Bh3 31. c5+ Kh8 32. Qd5 Rf8 33. Ra1 e4 34. Ra2 Be5 35. Qxe5+ dxe5 0-1

[Event "Riga RTU rapid op"]
[Site "Riga"]
[Date "2019.07.04"]
[Round "8"]
[White "Mohammad, Nubairshah Shaikh"]
[Black "Gagare, Shalmali"]
[Result "1-0"]
[WhiteElo "2278"]
[BlackElo "1984"]
[PlyCount "100"]
[EventDate "2019.07.04"]
[EventType "swiss (rapid)"]
[EventRounds "9"]
[EventCountry "LAT"]
[SourceTitle "EXT 2020"]
[Source "ChessBase"]
[SourceDate "2019.10.17"]
[SourceVersion "1"]
[SourceVersionDate "2019.10.17"]
[SourceQuality "1"]

1. d4 Nf6 2. c4 e6 3. Nc3 Bb4 4. Qc2 0-0 5. e4 d5 6. e5 Ne4 7. Bd3 c5 8. Nge2 cxd4 9. Nxd4 Nd7 10. Bf4 Qa5 11. Bxe4 dxe4 12. Nb3 Bxc3+ 13. bxc3 Qc7 14. Qxe4 b6 15. Qxa8 Bb7 16. Qxa7 Ra8 17. Qxa8+ Bxa8 18. 0-0 Qxc4 19. Bg3 Nxe5 20. Rfd1 Nd3 21. Nc1 Be4 22. f3 Bg6 23. Nxd3 Bxd3 24. a4 h5 25. Bf2 h4 26. Bxh4 Qxh4 27. Rxd3 Qc4 28. Rdd1 Qxc3 29. Kh1 Qc4 30. Rdb1 Qd4 31. h3 e5 32. Re1 f5 33. Rab1 e4 34. fxe4 fxe4 35. Re2 Qxa4 36. Rbe1 b5 37. Rxe4 Qc2 38. Rb4 Qc5 39. Reb1 Kh7 40. Rxb5 Qc2 41. Rb6 Qd3 42. Rb7 Qe4 43. R7b4 Qe7 44. Rg4 Qd7 45. Rf1 Qe7 46. Rf3 Qe1+ 47. Kh2 Qe5+ 48. Rfg3 Qf6 49. Rxg7+ Qxg7 50. Rxg7+ Kxg7 1-0

[Event "Moscow op-A 15th"]
[Site "Moscow"]
[Date "2019.02.02"]
[Round "8"]
[White "Marchuk, Rostislav"]
[Black "Gagare, Shalmali"]
[Result "1-0"]
[WhiteElo "2165"]
[BlackElo "2026"]
[PlyCount "79"]
[EventDate "2019.01.26"]
[EventType "swiss"]
[EventRounds "9"]
[EventCountry "RUS"]
[SourceTitle "CBM 188 Extra"]
[Source "ChessBase"]
[SourceDate "2019.02.26"]
[SourceVersion "1"]
[SourceVersionDate "2019.02.26"]
[SourceQuality "1"]

1. d4 Nf6 2. Nf3 d5 3. Bf4 c5 4. c3 Nc6 5. e3 Qb6 6. Qb3 c4 7. Qxb6 axb6 8. Na3 Bf5 9. Nh4 Bd7 10. h3 h6 11. Bc7 Ra6 12. g4 e6 13. Nc2 Be7 14. Nf3 0-0 15. Nd2 b5 16. a3 Rc8 17. Bg3 Na5 18. Rd1 Be8 19. Bg2 Nd7 20. e4 dxe4 21. Nxe4 f5 22. Nd2 g5 23. f4 Bd6 24. 0-0 Bg6 25. Nb4 Raa8 26. d5 fxg4 27. dxe6 Nf8 28. Bd5 Kg7 29. hxg4 Re8 30. Rde1 gxf4 31. Bxf4 Bxf4 32. Rxf4 Re7 33. Nf3 Nb3 34. Nh4 Nc5 35. Nf5+ Bxf5 36. gxf5 Kf6 37. Ref1 Nd3 38. Nxd3 cxd3 39. Rd4 Nh7 40. Rxd3 1-0

[Event "Chigorin Memorial 26th"]
[Site "St Petersburg"]
[Date "2018.11.04"]
[Round "9"]
[White "Gagare, Shalmali"]
[Black "Kurchenko, Egor"]
[Result "1-0"]
[WhiteElo "2013"]
[BlackElo "1710"]
[PlyCount "73"]
[EventDate "2018.10.27"]
[EventType "swiss"]
[EventRounds "9"]
[EventCountry "RUS"]
[SourceTitle "CBM 187 Extra"]
[Source "ChessBase"]
[SourceDate "2018.11.04"]
[SourceVersion "1"]
[SourceVersionDate "2018.11.04"]
[SourceQuality "1"]

1. d4 Nf6 2. c4 e6 3. Nf3 c5 4. d5 exd5 5. cxd5 d6 6. Nc3 Nbd7 7. e4 Be7 8. h3 a6 9. a4 b6 10. Bd3 0-0 11. 0-0 Ne8 12. Bf4 Bf6 13. Bc2 Ne5 14. Nd2 Bd7 15. Bh2 b5 16. f4 Ng6 17. e5 dxe5 18. Bxg6 hxg6 19. fxe5 Bg5 20. axb5 Bxb5 21. Re1 f5 22. Nxb5 axb5 23. Rxa8 Qxa8 24. Nf3 Bd8 25. d6 Ba5 26. Re2 f4 27. d7 Nc7 28. e6 Qd5 29. Qxd5 Nxd5 30. e7 Nxe7 31. Rxe7 Bd8 32. Re8 Bb6 33. Bxf4 Kf7 34. Ng5+ Kg8 35. Bd6 c4+ 36. Kh2 Bd8 37. Rxf8# 1-0

[Event "Chigorin Memorial 26th"]
[Site "St Petersburg"]
[Date "2018.11.02"]
[Round "7"]
[White "Tsaruk, Maksim"]
[Black "Gagare, Shalmali"]
[Result "1/2-1/2"]
[WhiteElo "2215"]
[BlackElo "2013"]
[PlyCount "180"]
[EventDate "2018.10.27"]
[EventType "swiss"]
[EventRounds "9"]
[EventCountry "RUS"]
[SourceTitle "CBM 187 Extra"]
[Source "ChessBase"]
[SourceDate "2018.11.04"]
[SourceVersion "1"]
[SourceVersionDate "2018.11.04"]
[SourceQuality "1"]

1. e4 e5 2. Nf3 Nc6 3. Bc4 Bc5 4. c3 Nf6 5. d3 0-0 6. 0-0 d5 7. exd5 Nxd5 8. h3 Nb6 9. Bb5 Bd6 10. d4 exd4 11. cxd4 Ne7 12. Nc3 h6 13. Re1 c6 14. Bd3 Bf5 15. Ne4 Nbd5 16. Ne5 Bh7 17. Qf3 Ng6 18. Ng3 Qf6 19. Bf5 Bxe5 20. Nh5 Bh2+ 21. Kxh2 Qd6+ 22. Kh1 Nf6 23. Nxf6+ Qxf6 24. Be3 Kh8 25. Qe4 Rfe8 26. Qc2 Nf8 27. Bxh7 Nxh7 28. d5 cxd5 29. Red1 Qc6 30. Qb3 Nf6 31. Rac1 Qd7 32. Bd4 Ne4 33. Be3 Nf6 34. Rc3 b6 35. Rdc1 Rac8 36. Bd4 Ne4 37. Rxc8 Rxc8 38. Rxc8+ Qxc8 39. Qxd5 Qc1+ 40. Kh2 Qf4+ 41. g3 Qf3 42. h4 Kh7 43. Be3 Ng5 44. Qxf3 Nxf3+ 45. Kg2 Ne5 46. Bd4 Nc6 47. Bc3 f5 48. Kf3 Kg6 49. h5+ Kxh5 50. Bxg7 Kg5 51. Bc3 h5 52. Bd2+ Kf6 53. Kf4 b5 54. b4 Ne7 55. Bc3+ Ke6 56. Kg5 Nd5 57. Bd2 Ke5 58. f3 Ne7 59. Be3 Nc6 60. a3 a5 61. bxa5 Nxa5 62. Kxh5 Nc6 63. Bd2 Kf6 64. Bc3+ Ke6 65. Kg5 Ne7 66. Bf6 Nd5 67. Bd4 Ne7 68. Bc5 Nd5 69. Kg6 Nc3 70. Bd4 Ne2 71. Bf2 Nc1 72. Be3 Nd3 73. f4 b4 74. axb4 Nxb4 75. g4 fxg4 76. f5+ Kd7 77. f6 Nc6 78. Kg7 Nd8 79. Bb6 Ne6+ 80. Kg6 g3 81. f7 Nf8+ 82. Kg7 Ne6+ 83. Kf6 Kd6 84. Bc7+ Kxc7 85. Kxe6 g2 86. f8Q g1Q 87. Qd6+ Kb7 88. Qd5+ Ka6 89. Qd3+ Ka7 90. Kd7 Qg7+ 1/2-1/2

[Event "Chigorin Memorial 26th"]
[Site "St Petersburg"]
[Date "2018.10.30"]
[Round "4"]
[White "Gagare, Shalmali"]
[Black "Danielyan, Vahe"]
[Result "0-1"]
[WhiteElo "2013"]
[BlackElo "2256"]
[PlyCount "118"]
[EventDate "2018.10.27"]
[EventType "swiss"]
[EventRounds "9"]
[EventCountry "RUS"]
[SourceTitle "CBM 187 Extra"]
[Source "ChessBase"]
[SourceDate "2018.11.04"]
[SourceVersion "1"]
[SourceVersionDate "2018.11.04"]
[SourceQuality "1"]

1. e4 c5 2. Nf3 Nc6 3. Bb5 e6 4. 0-0 Nge7 5. Re1 a6 6. Bf1 Ng6 7. c3 Be7 8. d4 cxd4 9. Nxd4 0-0 10. Be3 Qc7 11. g3 b5 12. Nd2 Bb7 13. Rc1 d6 14. Qe2 Rac8 15. Nxc6 Bxc6 16. Bg2 Qb7 17. f3 Ne5 18. f4 Nd7 19. Bf2 Bd8 20. Nb3 e5 21. Rcd1 Re8 22. f5 Bc7 23. g4 a5 24. Rd3 a4 25. Nd2 Nb6 26. g5 d5 27. Rh3 g6 28. Qg4 Bd8 29. Rh6 Nd7 30. Qh4 Nf8 31. f6 b4 32. Re3 Bd7 33. exd5 a3 34. d6 Qb6 35. Rh3 Bxh3 36. Bxb6 Bxb6+ 37. Kf1 Bxg2+ 38. Kxg2 Re6 39. Qxb4 Bc5 40. Qb7 Rxd6 41. Nc4 Rdc6 42. Nxe5 R6c7 43. Qb3 axb2 44. Qxb2 Bd6 45. Nf3 Rxc3 46. Qb6 Rc2+ 47. Kh3 R2c6 48. Qd4 Ne6 49. Qa7 Rc3 50. Rxh7 Nxg5+ 51. Kg2 Nxh7 52. Qd7 Rc2+ 53. Kh3 Bf8 54. Kg3 Nxf6 55. Qd4 Nh5+ 56. Kh3 R8c3 57. Qe4 Rf2 58. Qb7 Rfxf3+ 59. Kg2 Nf4+ 0-1

[Event "Chigorin Memorial 26th"]
[Site "St Petersburg"]
[Date "2018.10.29"]
[Round "3"]
[White "Nikologorsky, Matfei"]
[Black "Gagare, Shalmali"]
[Result "1/2-1/2"]
[WhiteElo "2235"]
[BlackElo "2013"]
[PlyCount "114"]
[EventDate "2018.10.27"]
[EventType "swiss"]
[EventRounds "9"]
[EventCountry "RUS"]
[SourceTitle "CBM 187 Extra"]
[Source "ChessBase"]
[SourceDate "2018.11.04"]
[SourceVersion "1"]
[SourceVersionDate "2018.11.04"]
[SourceQuality "1"]

1. e4 e5 2. Nf3 Nc6 3. Bb5 a6 4. Ba4 Nf6 5. 0-0 Be7 6. d3 b5 7. Bb3 d6 8. a4 Bd7 9. Nc3 b4 10. Ne2 Na5 11. Ba2 c5 12. c3 Rb8 13. Ng3 bxc3 14. bxc3 0-0 15. Nd2 Be6 16. f4 exf4 17. Rxf4 d5 18. e5 Nd7 19. Qe2 Qc7 20. Nf3 Nc6 21. Nf5 Bxf5 22. Rxf5 g6 23. Rf4 Ncxe5 24. Bxd5 Nxf3+ 25. Qxf3 Ne5 26. Qe4 Bd6 27. Rh4 Qe7 28. Bh6 Rfe8 29. Rf1 Kh8 30. Rh3 f5 31. Qe2 Ng4 32. Qxe7 Rxe7 33. Bg5 Rd7 34. Be6 Rdb7 35. d4 Rb1 36. Bc1 cxd4 37. cxd4 Re8 38. Bd7 Rd8 39. Be6 Re8 40. Ba2 Ra1 41. Bc4 Rc8 42. Bb2 Rxf1+ 43. Bxf1 Rb8 44. Ba3 Bf4 45. g3 Be3+ 46. Kg2 Rb3 47. Bc5 Rb2+ 48. Kh1 Nf2+ 49. Kg2 Ng4+ 50. Kh1 Nf2+ 51. Kg2 Nxh3+ 52. Kxh3 Bg1 53. g4 f4 54. g5 Bxh2 55. d5 Rc2 56. Bd4+ Kg8 57. d6 f3 1/2-1/2

[Event "St Petersburg Korchnoi Memorial op"]
[Site "St Petersburg"]
[Date "2018.08.23"]
[Round "9"]
[White "Ivanov, Platon Jaan"]
[Black "Gagare, Shalmali"]
[Result "1-0"]
[WhiteElo "2169"]
[BlackElo "2003"]
[PlyCount "149"]
[EventDate "2018.08.15"]
[EventType "swiss"]
[EventRounds "9"]
[EventCountry "RUS"]
[SourceTitle "CBM 186 Extra"]
[Source "ChessBase"]
[SourceDate "2018.08.24"]
[SourceVersion "1"]
[SourceVersionDate "2018.08.24"]
[SourceQuality "1"]

1. d4 Nf6 2. c4 e6 3. g3 d5 4. Nf3 Bb4+ 5. Bd2 Be7 6. Bg2 0-0 7. 0-0 c6 8. Qc2 Nbd7 9. Bf4 b6 10. Rd1 Ba6 11. Ne5 Nxe5 12. dxe5 Nd7 13. cxd5 cxd5 14. e4 Rc8 15. Nc3 d4 16. Rxd4 Qc7 17. Rad1 Rfd8 18. Qa4 Nc5 19. Qa3 Rxd4 20. Rxd4 Bd3 21. b4 a5 22. Qb2 axb4 23. Rxb4 Nd7 24. Rb3 g5 25. Be3 Qxe5 26. Qd2 Bc4 27. Qxd7 Rc7 28. Qd4 Qxd4 29. Bxd4 Bxb3 30. axb3 Bc5 31. Nb5 Rd7 32. Bxc5 bxc5 33. Bf1 Kg7 34. Nc3 Kf6 35. f4 gxf4 36. gxf4 Rd2 37. Na4 e5 38. f5 Kg5 39. Nxc5 Kf4 40. b4 Rc2 41. Bd3 Rb2 42. b5 Ke3 43. Bf1 Kd4 44. Nd7 Kxe4 45. b6 Kd5 46. b7 Rxb7 47. Bg2+ e4 48. Bxe4+ Kxe4 49. Nc5+ Kxf5 50. Nxb7 Kg4 51. Nc5 f5 52. Kg2 f4 53. Nd3 f3+ 54. Kg1 Kh3 55. Nf2+ Kh4 56. Kf1 Kg5 57. Nh3+ Kg4 58. Ng1 Kf4 59. Kf2 Kg4 60. Nxf3 h5 61. Kg2 h4 62. h3+ Kh5 63. Kf2 Kg6 64. Nxh4+ Kg5 65. Kg3 Kh5 66. Nf3 Kg6 67. Kg4 Kh6 68. Ne5 Kg7 69. Kg5 Kh7 70. h4 Kg7 71. h5 Kh7 72. h6 Kg8 73. Kg6 Kh8 74. Nf7+ Kg8 75. h7+ 1-0

[Event "St Petersburg Korchnoi Memorial op"]
[Site "St Petersburg"]
[Date "2018.08.17"]
[Round "3"]
[White "Kovalev, Egor"]
[Black "Gagare, Shalmali"]
[Result "1-0"]
[WhiteElo "2218"]
[BlackElo "2003"]
[PlyCount "129"]
[EventDate "2018.08.15"]
[EventType "swiss"]
[EventRounds "9"]
[EventCountry "RUS"]
[SourceTitle "CBM 186 Extra"]
[Source "ChessBase"]
[SourceDate "2018.08.24"]
[SourceVersion "1"]
[SourceVersionDate "2018.08.24"]
[SourceQuality "1"]

1. e4 e6 2. c4 d5 3. cxd5 exd5 4. exd5 Nf6 5. Bb5+ Nbd7 6. Nc3 Be7 7. Nf3 0-0 8. 0-0 Nb6 9. d4 Nbxd5 10. Re1 Bg4 11. h3 Bh5 12. g4 Bg6 13. Ne5 c6 14. Bf1 Nxc3 15. bxc3 Nd7 16. Nxg6 hxg6 17. Qb3 Nb6 18. a4 Qc7 19. Bg2 Rfe8 20. a5 Nd5 21. Bd2 Nf4 22. Bxf4 Qxf4 23. Qxb7 Bh4 24. Qb2 Qf6 25. Rxe8+ Rxe8 26. Rf1 Re7 27. Qa2 Kh7 28. Qc4 Re1 29. Qa2 Rxf1+ 30. Kxf1 Qf4 31. Qc2 Qf6 32. Be4 Kg8 33. Kg2 Qd6 34. Bf3 c5 35. Qe4 cxd4 36. cxd4 Bf6 37. Qa8+ Qd8 38. Qxa7 Bxd4 39. Qb7 Qxa5 40. Bd5 Qa7 41. Bxf7+ Kf8 42. Qxa7 Bxa7 43. Bxg6 Ke7 44. g5 Bd4 45. f4 Kf8 46. Kf3 Kg8 47. Bd3 Bb2 48. Kg4 Kf7 49. Kh5 Bc1 50. f5 Kg8 51. Kg6 Ba3 52. Bc4+ Kh8 53. h4 Bb2 54. h5 Bc1 55. h6 gxh6 56. Kxh6 Ba3 57. Kg6 Bc1 58. f6 Bd2 59. Kf5 Be3 60. g6 Bh6 61. Ke6 Bg5 62. g7+ Kh7 63. Kf7 Bxf6 64. g8Q+ Kh6 65. Qg6# 1-0